|
|
|
|
| LEADER |
00000cam a2200000 c 4500 |
| 001 |
1622303636 |
| 003 |
DE-627 |
| 005 |
20251225202449.0 |
| 007 |
tu |
| 008 |
020201s2002 xx ||||| 00| ||eng c |
| 010 |
|
|
|a 2001022872
|
| 020 |
|
|
|a 0205319629
|9 0-205-31962-9
|
| 035 |
|
|
|a (DE-627)1622303636
|
| 035 |
|
|
|a (DE-576)096804394
|
| 035 |
|
|
|a (DE-599)BSZ096804394
|
| 035 |
|
|
|a (OCoLC)46731142
|
| 040 |
|
|
|a DE-627
|b ger
|c DE-627
|e rakwb
|
| 041 |
|
|
|a eng
|
| 050 |
|
0 |
|a HV6626.52.T693 2002
|
| 082 |
0 |
|
|a 371.78
|
| 082 |
0 |
|
|a 371.7/8
|
| 084 |
|
|
|a DU 2502
|2 rvk
|0 (DE-625)rvk/20044:763
|
| 084 |
|
|
|a DS 7180
|2 rvk
|0 (DE-625)rvk/19962:
|
| 100 |
1 |
|
|a Tower, Cynthia Crosson
|0 (DE-627)1234439743
|0 (DE-576)164439749
|4 aut
|
| 109 |
|
|
|a Tower, Cynthia Crosson
|a Crosson Tower, Cynthia
|a Tower, Cynthia C.
|a Crossen-Tower, Cynthia
|a Crosson-Tower, Cynthia
|
| 245 |
1 |
0 |
|a When children are abused
|b an educator's guide to intervention
|c Cynthia Crosson-Tower
|
| 264 |
|
1 |
|a Boston, Mass.
|b Allyn and Bacon
|c 2002
|
| 300 |
|
|
|a VIII, 200 S.
|
| 336 |
|
|
|a Text
|b txt
|2 rdacontent
|
| 337 |
|
|
|a ohne Hilfsmittel zu benutzen
|b n
|2 rdamedia
|
| 338 |
|
|
|a Band
|b nc
|2 rdacarrier
|
| 500 |
|
|
|a Includes bibliographical references
|
| 583 |
1 |
|
|a Archivierung prüfen
|c 20200919
|f DE-640
|z 1
|2 pdager
|
| 650 |
|
0 |
|a Child Abuse
|x United States
|x Prevention
|
| 650 |
|
0 |
|a Child Abuse
|x Reporting
|x United States
|
| 650 |
|
0 |
|a School social work
|x United States
|
| 650 |
|
0 |
|a Home and school
|x United States
|
| 650 |
|
0 |
|a Abused children
|x Services for
|x United States
|
| 936 |
r |
v |
|a DU 2502
|b USA und Kanada
|k Pädagogik
|k Pädagogische Soziologie
|k Soziologie der Schule und der Schulklasse, Schule und Gesellschaft
|k USA und Kanada
|0 (DE-627)1272204030
|0 (DE-625)rvk/20044:763
|0 (DE-576)202204030
|
| 936 |
r |
v |
|a DS 7180
|b Schulsozialarbeit
|k Pädagogik
|k Sozialpädagogik, Sozialarbeit
|k Berufsfelder
|k Jugendhilfe
|k Schulsozialarbeit
|0 (DE-627)1270885715
|0 (DE-625)rvk/19962:
|0 (DE-576)200885715
|
| 951 |
|
|
|a BO
|
| ELC |
|
|
|b 1
|
| LOK |
|
|
|0 000 xxxxxcx a22 zn 4500
|
| LOK |
|
|
|0 001 3244930352
|
| LOK |
|
|
|0 003 DE-627
|
| LOK |
|
|
|0 004 1622303636
|
| LOK |
|
|
|0 005 20020213000000
|
| LOK |
|
|
|0 008 020201||||||||||||||||ger|||||||
|
| LOK |
|
|
|0 040
|a DE-21
|c DE-627
|d DE-21
|
| LOK |
|
|
|0 852
|a DE-21
|
| LOK |
|
|
|0 852 1
|c KB 8 E 9331
|9 00
|
| LOK |
|
|
|0 935
|a krim
|
| LOK |
|
|
|0 936ln
|a k8.9.3
|
| LOK |
|
|
|0 939
|a 01-02-02
|b l01
|
| ORI |
|
|
|a SA-MARC-krimdoka001.raw
|
| SIG |
|
|
|a UB: KB 8 E 9331
|